| 000 | 01593nam a2200421Ii 4500 | ||
|---|---|---|---|
| 001 | DIGEDUSTA131 | ||
| 003 | NyNyDIG | ||
| 008 | 210906s2018 ck a ob 000 0 spa d | ||
| 006 | m o d | ||
| 007 | cr ||||||||||| | ||
| 035 | _a(OCoLC)1282639832 | ||
| 040 |
_aDGITA _beng _erda _epn _cDGITA |
||
| 020 | _z9789588477602 | ||
| 050 | 1 | 4 | _aTX657.S9 ebook |
| 082 | 0 | 4 | _a638.88 |
| 100 | 1 |
_aEstévez Suárez, Fernando Andrés, _eauthor. |
|
| 245 | 1 | 0 |
_aManual de construcción : _bcocinas ecológicas / _cFernando Andrés Estévez Suárez. |
| 250 | _aPrimera edición. | ||
| 264 | 1 |
_aBucaramanga : _bUniversidad Santo Tomás, _c2018. |
|
| 300 |
_a1 online resource : _billustrations. |
||
| 336 |
_atext _btxt _2rdacontent |
||
| 336 |
_astill image _2rdacontent |
||
| 337 |
_acomputer _bc _2rdamedia |
||
| 338 |
_aonline resource _bcr _2rdacarrier |
||
| 347 |
_atext file _2rdaft |
||
| 347 | _bEPUB | ||
| 504 | _aIncludes bibliographical references. | ||
| 588 | 0 | _aOnline resource; title from ePub title page (Digitalia, viewed September 6, 2021) | |
| 650 | 0 | _aStoves, Wood. | |
| 650 | 0 |
_aCooking _xEnvironmental aspects. |
|
| 655 | 0 | _aElectronic books. | |
| 791 | 2 |
_aDigitalia (Firm), _edistributor. |
|
| 793 | 0 |
_gDigitalia eBook Collection: _aEdiciones USTA |
|
| 776 | 0 | 8 |
_iPrint version: _aEstévez Suárez, Fernando Andrés. _tManual de construcción. _bPrimera edición. _dBucaramanga : Universidad Santo Tomás, 2018 _z9789588477602 |
| 856 | 4 | 0 |
_3Digitalia Hispánica _uhttps://www.digitaliapublishing.com/a/80577/ |
| 910 | _aPremium collection: 2021 | ||
| 942 | _cRAA | ||
| 999 |
_c264670 _d264670 |
||